|
|
|
|
| LEADER |
00000cam a2200000 7i4500 |
| 001 |
0000007268 |
| 005 |
20201015.0 |
| 020 |
|
|
|a 967890425X
|
| 040 |
|
|
|a INS
|
| 090 |
0 |
0 |
|a KPG909
|b A311986 M34 1992
|
| 245 |
1 |
0 |
|a Promotion of Investments Act, 1986 (Act 327) (together with) Akta Penggalakan Pelaburan, 1986 (Akta 327) :
|b (as at 25th November 1992)
|c compiled by Legal Research Board
|
| 260 |
|
|
|a Kuala Lumpur :
|b International Law Book Services ,
|c 1992
|
| 300 |
|
|
|a 128p. ;
|c 24 cm.
|
| 650 |
0 |
0 |
|a Investments
|x Law and legislation
|z Malaysia
|
| 999 |
|
|
|a 0000005264
|b BOOK
|c Acts
|e Default branch
|